000 00495nam a2200157 i 4500
001 86650
003 ES-MaACL
005 20230906175509.0
007 t|
008 041214s1977 cc ||||1| spa d
100 1 _aKim Il Sung.
_968035
245 1 0 _aPor la mejor gestión de las fianzas del Estado
_b: discurso, 28 de febrero de 1947 /
_cKim Il Sung.
260 _aPyongyang :
_bEdiciones en Lenguas Extranjeras,
_c1977.
300 _a21 p. ;
_c19 cm.
852 _aES-MaACL
_j2102-F-14
_bR.96698
999 _c86650
_d86650